[Event "Hastings9091"]
[Site "Hastings"]
[Date "1990.??.??"]
[Round "?"]
[White "Speelman, Jonathan S"]
[Black "Sax, Gyula"]
[Result "1-0"]
[WhiteElo "2605"]
[BlackElo "2600"]

1.Nf3 Nf6 2.c4 c5 3.Nc3 Nc6 4.d4 cxd4 5.Nxd4 Qb6 6.Nb3 e6 7.a3 d5 8.Be3 Qd8
9.cxd5 Nxd5 10.Nxd5 exd5 11.g3 Be7 12.Bg2 Bf6 13.Qd2 d4 14.Bxc6+ bxc6 15.Bxd4 Qd5
16.O-O-O Bg5 17.f4 Qxb3 18.Bxg7 Be7 19.Bxh8 f6 20.e4 Kf7 21.f5 Rb8 22.Rhe1 Ba6
23.Qc2 Qxc2+ 24.Kxc2 Rxh8 25.Rd7 Rd8 26.Rxa7 Bd3+ 27.Kc3 Kf8 28.Rd1 Bxe4
29.Rxe7  1-0

[Event "Hastings9091"]
[Site "Hastings"]
[Date "1990.??.??"]
[Round "?"]
[White "Kosten, Anthony C"]
[Black "Speelman, Jonathan S"]
[Result "0-1"]
[WhiteElo "2510"]
[BlackElo "2605"]

1.e4 e6 2.d4 d5 3.Nd2 c5 4.Ngf3 cxd4 5.Nxd4 a6 6.Bd3 dxe4 7.Nxe4 Be7 8.Be3 Nf6
9.Nxf6+ Bxf6 10.c3 Bd7 11.Be4 Qc7 12.O-O Nc6 13.Qf3 O-O 14.Rfd1 Rfd8 15.Qh3 h6
16.Qf3 Nxd4 17.cxd4 Bc6 18.Bxc6 Qxc6 19.Qxc6 bxc6 20.Rac1 Rd6 21.g3 Rad8
22.Re1 Bxd4 23.Bxd4 Rxd4 24.Rxc6 Rd2 25.Rxa6 Rxb2 26.Re3 Rdd2 27.Ra8+ Kh7
28.Rf3 f6 29.a3 e5 30.Re8 h5 31.Re7 Kh6 32.Kg2 Ra2 33.h3 Rd6 34.g4 hxg4 35.hxg4 g6
36.Kg3 Kg5 37.Rf7 Ra6 38.Rf8 Ra1 39.Kg2 Rd1 40.Rb3 Rd4 41.f3 Rd2+ 42.Kg3 Rc6
43.Rb5 Rc3 44.a4 Ra2 45.a5 Raa3 46.Rb6 Rxf3+ 47.Kg2 Rf4 48.a6 e4 49.Rf7 Ra2+
50.Kg1 e3  0-1

[Event "Lloyds Bank op"]
[Site "London"]
[Date "1990.??.??"]
[Round "?"]
[White "Speelman, Jonathan S"]
[Black "Ravikumar, Vaidyanathan"]
[Result "1-0"]
[WhiteElo "2610"]
[BlackElo "2350"]

1.e4 e6 2.d4 d5 3.Nd2 Nf6 4.e5 Nfd7 5.c3 c5 6.f4 Nc6 7.Ndf3 Qb6 8.h4 f6 9.Bd3 cxd4
10.cxd4 Bb4+ 11.Ke2 Be7 12.b3 a5 13.a3 Ndb8 14.Be3 Na6 15.h5 Bd7 16.Kf2 Rc8
17.Ne2 O-O 18.Qb1 h6 19.exf6 Bxf6 20.Qd1 Nc7 21.Bb1 Nb5 22.Qd3 Ne7 23.g4 Nd6
24.Qh7+ Kf7 25.g5 Ndf5 26.gxf6 Qxb3 27.Ne5+ Ke8 28.Bxf5 Nxf5 29.fxg7 Qxe3+
30.Ke1 Nxg7 31.Qg6+  1-0

[Event "Lloyds Bank op"]
[Site "London"]
[Date "1990.??.??"]
[Round "?"]
[White "Speelman, Jonathan S"]
[Black "Sadler, Matthew"]
[Result "1/2-1/2"]
[WhiteElo "2610"]
[BlackElo "2465"]

1.c4 e5 2.Nc3 Nc6 3.Nf3 Nf6 4.g3 Bc5 5.d3 d6 6.Bg2 h6 7.O-O O-O 8.Na4 Bb6
9.b3 Re8 10.Bb2 Bf5 11.Nxb6 axb6 12.Nh4 Bh7 13.e4 Nd7 14.a3 Nc5 15.Nf5 Bxf5
16.exf5 Qg5 17.Be4 Nd4 18.b4 Nxe4 19.dxe4 c5 20.Kg2 Rac8 21.b5 Qe7 22.a4 Ra8
23.h4 Ra7 24.Re1 f6 25.Re3 Qf7 26.Rc1 Rea8 27.Ra3 Kf8 28.h5 Ke8 29.g4  1/2-1/2

[Event "Lloyds Bank op"]
[Site "London"]
[Date "1990.??.??"]
[Round "?"]
[White "Speelman, Jonathan S"]
[Black "Thomson, Craig S M"]
[Result "1-0"]
[WhiteElo "2610"]
[BlackElo "2335"]

1.Nf3 Nf6 2.c4 g6 3.Nc3 Bg7 4.e4 d6 5.d4 O-O 6.h3 e5 7.d5 Nbd7 8.Bg5 a5 9.Nd2 Nc5
10.g4 Qd7 11.Rg1 c6 12.Qf3 Ne8 13.Qg2 Nc7 14.Nb3 Nxb3 15.axb3 h6 16.Be3 Na6
17.Rxa5 Qd8 18.Ra3 Bd7 19.f3 Nb4 20.Kd2 cxd5 21.cxd5 Qc7 22.Qf2 Rfc8 23.Rxa8 Rxa8
24.Bb6 Qc8 25.Bc4 Bf6 26.h4 Be7 27.g5 h5 28.f4 Qf8 29.f5 Na6 30.f6 Bd8 31.Ra1 Nc7
32.Rxa8 Nxa8 33.Bxd8 Qxd8 34.Qa7 Nc7 35.Qxb7 Ne8 36.b4 Bg4 37.b5 Nxf6 38.gxf6 Qxf6
39.Kc2 Qxh4 40.Qb8+ Kh7 41.Qxd6 Qf2+ 42.Kb3 h4 43.b6 Bc8 44.Qc7 h3 45.Qxc8 h2
46.Qh3+ Kg7 47.b7  1-0

[Event "Lloyds Bank op"]
[Site "London"]
[Date "1990.??.??"]
[Round "?"]
[White "Ginsburg, Mark"]
[Black "Speelman, Jonathan S"]
[Result "0-1"]
[WhiteElo "2400"]
[BlackElo "2610"]

1.d4 Nf6 2.c4 e6 3.Nf3 d5 4.Nc3 Be7 5.Bg5 O-O 6.e3 h6 7.Bh4 b6 8.Qc2 Bb7
9.Rd1 Ne4 10.Bxe7 Qxe7 11.Bd3 Nxc3 12.bxc3 dxc4 13.Bxc4 c5 14.O-O Nc6 15.Qe2 Rfd8
16.Bd3 e5 17.Be4 exd4 18.exd4 cxd4 19.cxd4 Nb4 20.Bh7+ Kf8 21.Ne5 Nc6 22.Qe3 Nxe5
23.dxe5 Rxd1 24.Rxd1 Rd8 25.Rxd8+ Qxd8 26.f3 Qd5 27.a3 Ke7 28.Kf2 g6 29.h4 Qc5
30.Qxc5+ bxc5 31.h5 g5 32.Bf5 f6 33.exf6+ Kxf6 34.Bg6 Ke5 35.Ke3 Bd5 36.g3 Bc6
37.f4+ gxf4+ 38.gxf4+ Kf6 39.Kd3 Bd5 40.Kc3 Be6 41.a4 a5 42.Kd3 Bb3 43.Kc3 Be6
44.Kd3 Bd5 45.Kc3 Ke6 46.Bd3 Kd6 47.Be2 Bf7 48.Bd1 Ke7 49.Be2 Be6 50.Kd3 Bb3
51.Ke4 Bxa4 52.Kd5 Bd7 53.Kxc5 Kf6 54.Bd3 Be8 55.Bc2 Bxh5 56.Kb5 Bf3 57.Kxa5 h5
58.Ba4 Kf5 59.Kb4 Kxf4 60.Kc3 h4 61.Bd7 Bg4 62.Bc6 h3  0-1

[Event "GMA-qual f"]
[Site "Moscow"]
[Date "1990.??.??"]
[Round "1"]
[White "Speelman, Jonathan S"]
[Black "De Firmian, Nick E"]
[Result "1-0"]
[WhiteElo "2610"]
[BlackElo "2565"]

1.Nf3 c5 2.c4 Nc6 3.Nc3 Nf6 4.d4 cxd4 5.Nxd4 e6 6.a3 d5 7.cxd5 exd5 8.Bg5 Be7
9.e3 O-O 10.Bb5 Nxd4 11.Qxd4 Be6 12.O-O a6 13.Be2 h6 14.Bh4 Ne4 15.Bxe7 Nxc3
16.Qxc3 Qxe7 17.Qd4 Rac8 18.Rac1 Rc7 19.Bf3 Rfc8 20.Rxc7 Qxc7 21.Bxd5 Bxd5
22.Qxd5 Rd8 23.Qb3 Rd2 24.Qb4 Rd7 25.h3 Qc2 26.a4 Qd2 27.Qe4 Rc7 28.b4 Qd6
29.Rb1 g6 30.b5 axb5 31.axb5 Kg7 32.g3 b6 33.Kg2 Rc5 34.Rb3 Qd7 35.Qh4 Kh7
36.Qd4 Qe6 37.Rb4 Qe8 38.Qf6 Qe6 39.Rf4 Rxb5 40.Qxf7+ Qxf7 41.Rxf7+ Kg8 42.Rb7 Rb2
43.h4 b5 44.g4 b4 45.Kg3 b3 46.g5 hxg5 47.hxg5 Kf8 48.f4 Ke8 49.Kf3 Kd8 50.Ke4 Kc8
51.Rb4 Kc7 52.Ke5  1-0

[Event "GMA-qual f"]
[Site "Moscow"]
[Date "1990.??.??"]
[Round "2"]
[White "Chernin, Alexander"]
[Black "Speelman, Jonathan S"]
[Result "1-0"]
[WhiteElo "2600"]
[BlackElo "2610"]

1.d4 d6 2.e4 Nf6 3.Nc3 g6 4.f4 Bg7 5.Nf3 O-O 6.Bd3 Na6 7.O-O c5 8.d5 Rb8
9.Qe2 Nc7 10.a4 a6 11.a5 Bg4 12.h3 Bxf3 13.Qxf3 e6 14.Bc4 exd5 15.exd5 Nd7
16.Na4 Nb5 17.Bd2 Nd4 18.Qd3 Re8 19.Rae1 Qh4 20.Kh2 h5 21.g3 Qd8 22.Rxe8+ Qxe8
23.Re1 Qd8 24.b3 Ra8 25.Kg2  1-0

[Event "GMA-qual f"]
[Site "Moscow"]
[Date "1990.??.??"]
[Round "4"]
[White "Khalifman, Alexander"]
[Black "Speelman, Jonathan S"]
[Result "0-1"]
[WhiteElo "2560"]
[BlackElo "2610"]

1.d4 Nf6 2.c4 e6 3.Nf3 d5 4.Nc3 Be7 5.Bf4 O-O 6.e3 c6 7.Qc2 Re8 8.h3 Nbd7
9.cxd5 Nxd5 10.Nxd5 exd5 11.O-O-O Nf8 12.Bd3 Be6 13.Kb1 Rc8 14.g4 Bd6 15.Qa4 a6
16.Bxd6 Qxd6 17.Rc1 Rc7 18.Rc3 Bc8 19.g5 h6 20.h4 Bg4 21.Ne5 Bh5 22.Qc2 f6
23.gxf6 gxf6 24.Ng6 Rg7 25.Nxf8 Bf3 26.Re1 Kxf8 27.Be2 Be4 28.Bd3 Qh2 29.Bxe4 Rxe4
30.Qe2 Rg2 31.Rf1 Qxh4 32.Qf3 Qg5 33.a3 Kg7 34.Ka2 h5 35.Rb3 Re7 36.Qh3 Qg4
37.Qh1 Kh6 38.f3 Qg3 39.e4 Rh2 40.Qg1 Qxg1 41.Rxg1 Rh3 42.exd5 cxd5 43.Rc3 h4
44.Rc5 Rd7 45.Rf1 Kg5 46.Rc8 Kf4 47.Rh8 Rh2 48.Re1 Rd6 49.Rh5 Rb6 50.Rb1 f5
51.Rh7 a5 52.Rd7 h3 53.a4 Rg2 54.Rh7 h2 55.Rh3 Rb4  0-1

[Event "GMA-qual f"]
[Site "Moscow"]
[Date "1990.??.??"]
[Round "6"]
[White "Azmaiparashvili, Zurab"]
[Black "Speelman, Jonathan S"]
[Result "1/2-1/2"]
[WhiteElo "2610"]
[BlackElo "2610"]

1.c4 d6 2.g3 g6 3.Bg2 Bg7 4.Nc3 Nf6 5.e3 c6 6.Nge2 O-O 7.O-O Be6 8.b3 d5
9.cxd5 Nxd5 10.Bb2 Qd7 11.Na4 Na6 12.Bxg7 Kxg7 13.d4 Rad8 14.Qc2 Bh3 15.Rad1 Bxg2
16.Kxg2 Kg8 17.e4 Nf6 18.Rfe1 b6 19.Nac3 Nc7 20.Qc1 Kg7 21.f3 h6 22.Nf4 Ne6
23.d5 Nxf4+ 24.Qxf4 cxd5 25.Nxd5  1/2-1/2

[Event "GMA-qual f"]
[Site "Moscow"]
[Date "1990.??.??"]
[Round "7"]
[White "Speelman, Jonathan S"]
[Black "Gelfand, Boris"]
[Result "1/2-1/2"]
[WhiteElo "2610"]
[BlackElo "2615"]

1.Nf3 Nf6 2.c4 g6 3.Nc3 Bg7 4.e4 d6 5.d4 O-O 6.Be2 e5 7.d5 a5 8.O-O Na6 9.Be3 Ng4
10.Bd2 Nc5 11.Ne1 f5 12.Bxg4 fxg4 13.Be3 b6 14.Qd2 Ba6 15.b3 Qh4 16.f3 Rf7
17.Bg5 Qh5 18.Ne2 gxf3 19.gxf3 Raf8 20.Ng3 Qh3 21.Rc1 Bf6 22.Bxf6 Rxf6 23.Rc3 h5
24.Rf2 h4 25.Nh1 b5  1/2-1/2

[Event "GMA-qual f"]
[Site "Moscow"]
[Date "1990.??.??"]
[Round "8"]
[White "Psakhis, Lev"]
[Black "Speelman, Jonathan S"]
[Result "0-1"]
[WhiteElo "2570"]
[BlackElo "2610"]

1.e4 e6 2.d4 d5 3.Nd2 c5 4.exd5 Qxd5 5.Ngf3 cxd4 6.Bc4 Qd6 7.O-O Nf6 8.Nb3 Nc6
9.Nbxd4 Nxd4 10.Nxd4 a6 11.Re1 Qc7 12.Bb3 Bd6 13.Nf5 Bxh2+ 14.Kh1 Kf8 15.g3 Bxg3
16.Nxg3 b5 17.Kg2 h5 18.Nf1 Bb7+ 19.f3 h4 20.c3 h3+ 21.Kh1 h2 22.Re3 Ng4
23.Qe2 Nxe3 24.Bxe3 Rh3 25.Nd2 Rd8 26.Rf1 Rxd2 27.Bxd2 Rxf3 28.Qxf3 Bxf3+
29.Rxf3 Qc6  0-1

[Event "GMA-qual f"]
[Site "Moscow"]
[Date "1990.??.??"]
[Round "10"]
[White "Speelman, Jonathan S"]
[Black "Polugaevsky, Lev"]
[Result "1/2-1/2"]
[WhiteElo "2610"]
[BlackElo "2610"]

1.Nf3 c5 2.c4 Nc6 3.Nc3 Nf6 4.d4 cxd4 5.Nxd4 e6 6.a3 Bc5 7.Nb3 Be7 8.Bf4 O-O
9.e3 b6 10.Be2 Ba6 11.Rc1  1/2-1/2

[Event "New York WFW"]
[Site "New York"]
[Date "1990.??.??"]
[Round "?"]
[White "Speelman, Jonathan S"]
[Black "Mednis, Edmar John"]
[Result "1/2-1/2"]
[WhiteElo "2605"]
[BlackElo "2450"]

1.e4 c5 2.Nf3 Nc6 3.d4 cxd4 4.Nxd4 Nf6 5.Nc3 d6 6.Bg5 e6 7.Qd2 a6 8.O-O-O Bd7
9.Kb1 h6 10.Be3 Ng4 11.Nxc6 Bxc6 12.Bf4 Qc7 13.f3 Ne5 14.Be3 b5 15.f4 Ng4
16.Bd4 b4 17.Ne2 e5 18.Bg1 Nf6 19.Qxb4 Nxe4 20.Qb6 Qxb6 21.Bxb6 Be7 22.Be3 O-O
23.fxe5 dxe5 24.Ng3 Rfc8 25.Rg1 a5 26.Nxe4 Bxe4 27.Bd3 Bxd3 28.Rxd3 f5 29.g3 g5
30.Rd5 Bf6 31.a4 Kf7 32.Bb6 f4 33.gxf4 exf4 34.Bxa5 Rc6 35.b3 Rac8 36.c4 Re6
37.Kc2 Re2+ 38.Rd2 Re3 39.Rd7+ Kg6 40.Rgd1 Rh3 41.R1d2 Ra8 42.R7d5 g4 43.Bb4 Rb8
44.Rb5 Rd8 45.Rbd5 Rb8 46.Rb5  1/2-1/2

[Event "New York WFW"]
[Site "New York"]
[Date "1990.??.??"]
[Round "?"]
[White "Wolff, Patrick G"]
[Black "Speelman, Jonathan S"]
[Result "0-1"]
[WhiteElo "2540"]
[BlackElo "2605"]

1.e4 c6 2.d4 d5 3.exd5 cxd5 4.c4 Nf6 5.Nc3 e6 6.Nf3 Bb4 7.cxd5 Nxd5 8.Qc2 Nc6
9.Be2 O-O 10.O-O Re8 11.Rd1 Bf8 12.Bg5 Qa5 13.Ne4 Bd7 14.a3 Rac8 15.Qd3 Qc7
16.Rac1 Nf4 17.Bxf4 Qxf4 18.Nc5 Rc7 19.g3 Qh6 20.Qe4 Rd8 21.b4 Be8 22.Bc4 a5
23.Qb1 axb4 24.axb4 Qf6 25.Qb3 Nxb4 26.Ne4 Qg6 27.Nc5 Nc6 28.Bd3 Qh6 29.Qb6 Rdc8
30.Nxb7 Nxd4 31.Rxc7 Nxf3+ 32.Kg2 Qxh2+ 33.Kf1 Rxc7 34.Qxc7 Qg1+ 35.Ke2 Nd4+
36.Kd2 Bb4+ 37.Kc1 Ba3+ 38.Kd2 Qxf2+ 39.Kc3 Qb2+  0-1

[Event "New York WFW"]
[Site "New York"]
[Date "1990.??.??"]
[Round "?"]
[White "Speelman, Jonathan S"]
[Black "Fishbein, Alexander"]
[Result "1/2-1/2"]
[WhiteElo "2605"]
[BlackElo "2470"]

1.e4 c5 2.Nf3 Nc6 3.d4 cxd4 4.Nxd4 Nf6 5.Nc3 d6 6.Bg5 e6 7.Qd2 Be7 8.O-O-O O-O
9.Nb3 Qb6 10.f3 Rd8 11.Be3 Qc7 12.Qf2 d5 13.exd5 Nxd5 14.Nxd5 Rxd5 15.Rxd5 exd5
16.Kb1 a5 17.Nd4 Nxd4 18.Bxd4 Bf5 19.Bd3 Bxd3 20.cxd3 Rc8 21.g3 Bf8 22.Qd2  1/2-1/2

[Event "New York WFW"]
[Site "New York"]
[Date "1990.??.??"]
[Round "?"]
[White "Speelman, Jonathan S"]
[Black "Averbakh, Yuri L"]
[Result "1-0"]
[WhiteElo "2605"]
[BlackElo "2450"]

1.Nf3 Nf6 2.c4 e6 3.Nc3 d5 4.d4 c5 5.cxd5 Nxd5 6.e3 Nc6 7.Bd3 Be7 8.O-O O-O
9.Re1 Ncb4 10.Bb1 Nf6 11.a3 Nc6 12.Ne4 cxd4 13.exd4 Bd7 14.Qd3 g6 15.Bh6 Re8
16.Ba2 Qb6 17.Qd2 Qa5 18.Nc3 Rad8 19.d5 exd5 20.b4 Qc7 21.b5 Nb8 22.Rxe7 Rxe7
23.Qd4 Qb6 24.Nxd5 Qxd4 25.Nxe7+ Kh8 26.Nxd4 Bg4 27.Be3 Rd7 28.Bf4  1-0

[Event "New York WFW"]
[Site "New York"]
[Date "1990.??.??"]
[Round "?"]
[White "Frias, Victor J"]
[Black "Speelman, Jonathan S"]
[Result "1/2-1/2"]
[WhiteElo "2515"]
[BlackElo "2605"]

1.c4 g6 2.Nf3 Bg7 3.d4 d6 4.g3 Nf6 5.Bg2 O-O 6.O-O c6 7.Nc3 Bf5 8.Nh4 Be6
9.d5 Bd7 10.Be3 Na6 11.Nf3 Qa5 12.a3 Rfc8 13.h3 Qd8 14.Nd4 e5 15.dxe6 fxe6
16.Bg5 h6 17.Be3 e5 18.Nf3 Qf8 19.c5 e4 20.Nh4 g5 21.Ng6 Qf7 22.cxd6 Qxg6
23.Qb3+ Nd5 24.Nxd5 cxd5 25.Qxd5+ Qf7 26.Qxb7 Nc5 27.Bxc5 Rab8 28.Qxa7 Ra8
29.Qb7 Rab8  1/2-1/2

[Event "Novi Sad ol (Men)"]
[Site "Novi Sad"]
[Date "1990.??.??"]
[Round "?"]
[White "Speelman, Jonathan S"]
[Black "Skembris, Spyridon"]
[Result "1-0"]
[WhiteElo "2605"]
[BlackElo "2455"]

1.e4 e6 2.d4 d5 3.Nd2 Nf6 4.e5 Nfd7 5.c3 c5 6.f4 Nc6 7.Ndf3 f6 8.Bd3 cxd4
9.cxd4 Bb4+ 10.Bd2 Qb6 11.a3 Bxd2+ 12.Qxd2 O-O 13.Ne2 h6 14.b4 a6 15.Rc1 Rf7
16.Bg6 Rf8 17.Bb1 Rf7 18.Qd3 Nf8 19.exf6 Rxf6 20.g4 Bd7 21.h4 Rf7 22.Rg1 Be8
23.h5 Rc8 24.g5 hxg5 25.Rxg5 Rf6 26.Nh2 Nxb4 27.Qd2 Rxc1+ 28.Qxc1 Nc6 29.Ng4 Kh8
30.Nxf6 gxf6 31.Rg3 Nxd4 32.Nxd4 Qxd4 33.Qc7 f5 34.Qe7 Qb2 35.Qxf8+ Kh7 36.Qg8+ Kh6
37.Rg6+  1-0

[Event "Novi Sad ol (Men)"]
[Site "Novi Sad"]
[Date "1990.??.??"]
[Round "4"]
[White "Inkiov, Ventzislav"]
[Black "Speelman, Jonathan S"]
[Result "1/2-1/2"]
[WhiteElo "2510"]
[BlackElo "2605"]

1.d4 Nf6 2.c4 e6 3.Nf3 d5 4.g3 Be7 5.Bg2 O-O 6.O-O dxc4 7.Qc2 a6 8.Qxc4 b5
9.Qc2 Bb7 10.Bf4 Nc6 11.Nc3 Nb4 12.Qb1 c5 13.dxc5 Bxc5 14.Be5 Ng4 15.Ne4 Bxe4
16.Qxe4 f5 17.Qf4 Nd5 18.Qd2 Qb6 19.Bd4 Rad8 20.Rac1 Bxd4 21.Qxd4 Qxd4 22.Nxd4 Nf4
23.gxf4 Rxd4 24.Rc6 Kf7 25.Rxa6 Rxf4 26.Rb6 Rb4 27.b3 Rd8 28.h3 Nf6 29.Rc1 Nd5
30.Rb7+ Kf6 31.Rd1 Ra8 32.Bxd5 exd5 33.Rd2 h5 34.e3 f4 35.exf4 Ra5 36.Rxd5 Rxa2
37.Rb6+ Ke7 38.Rg5 Kf7 39.Rf5+ Ke7 40.Rbxb5 Rxb5 41.Rxb5 Rb2 42.Kg2 Kf6 43.b4 Rb3
44.Rb8 Kf5 45.Rb5+ Kxf4 46.Rxh5 g5 47.h4 Rxb4 48.Rxg5 Rb8 49.Kh3 Rb1 50.Kg2 Rb8
51.Ra5 Kg4 52.Ra4+ Kh5 53.Kg3 Rb3+ 54.f3 Rb5 55.Ra8 Rb4 56.Re8 Ra4 57.Re5+ Kg6
58.Re4 Ra1 59.Kf4 Kh5 60.Kf5 Ra3 61.f4 Kxh4 62.Kf6 Kh5 63.f5 Ra6+ 64.Re6 Ra7
65.Rd6 Kh6 66.Ke6 Kg7 67.Rb6 Rf7  1/2-1/2

[Event "Novi Sad ol (Men)"]
[Site "Novi Sad"]
[Date "1990.??.??"]
[Round "5"]
[White "Speelman, Jonathan S"]
[Black "Gelfand, Boris"]
[Result "1/2-1/2"]
[WhiteElo "2605"]
[BlackElo "2680"]

1.Nf3 Nf6 2.c4 e6 3.Nc3 d5 4.d4 dxc4 5.e3 a6 6.a4 c5 7.Bxc4 Nc6 8.O-O Be7
9.b3 O-O 10.Bb2 cxd4 11.exd4 Nb4 12.Ne5 Bd7 13.Qf3 Bc6 14.Nxc6 bxc6 15.Rad1 Ra7
16.Qe2 a5 17.Nb1 Nfd5 18.Nd2  1/2-1/2

[Event "Novi Sad ol (Men)"]
[Site "Novi Sad"]
[Date "1990.??.??"]
[Round "6"]
[White "Speelman, Jonathan S"]
[Black "Anand, Viswanathan"]
[Result "1/2-1/2"]
[WhiteElo "2605"]
[BlackElo "2610"]

1.d4 Nf6 2.Nf3 e6 3.c4 b6 4.g3 Bb7 5.Bg2 Be7 6.O-O O-O 7.Nc3 Ne4 8.Bd2 Bf6
9.Qc2 Nxd2 10.Qxd2 d6 11.Rad1 Nd7 12.Rfe1 g6 13.h4 h5 14.Ng5 Bxg2 15.Kxg2 Bg7
16.Qd3 Qe7 17.Qf3 Nf6 18.b4 a6 19.a4 c5 20.bxc5 bxc5 21.dxc5 dxc5 22.Rb1 Rab8
23.Qc6 Qd7 24.Qxa6 Rxb1 25.Rxb1 Qd2 26.Rb7 Ng4 27.Qa7 Ne3+  1/2-1/2

[Event "Novi Sad ol (Men)"]
[Site "Novi Sad"]
[Date "1990.??.??"]
[Round "8"]
[White "Speelman, Jonathan S"]
[Black "Gulko, Boris F"]
[Result "1/2-1/2"]
[WhiteElo "2605"]
[BlackElo "2600"]

1.e4 e5 2.Nf3 Nc6 3.Bc4 Bc5 4.c3 Nf6 5.d3 d6 6.O-O O-O 7.a4 a5 8.Nbd2 Ba7
9.Bb3 Nh5 10.Nc4 Qf6 11.Nfxe5 Nxe5 12.Nxe5 Qxe5 13.d4 Qxe4 14.Qxh5 Be6 15.Ra3 c5
16.Be3 cxd4 17.cxd4 Bxb3 18.Rxb3 Bxd4 19.Bxd4 Qxd4 20.Rxb7 Qxa4 21.Qd5 Rab8
22.Rxb8 Rxb8 23.Qxd6 Qb4  1/2-1/2

[Event "Novi Sad ol (Men)"]
[Site "Novi Sad"]
[Date "1990.??.??"]
[Round "11"]
[White "Nikolic, Predrag"]
[Black "Speelman, Jonathan S"]
[Result "1/2-1/2"]
[WhiteElo "2600"]
[BlackElo "2605"]

1.d4 Nf6 2.c4 e6 3.Nf3 d5 4.Nc3 c6 5.Bg5 Nbd7 6.e3 Qa5 7.cxd5 Nxd5 8.Qd2 Nxc3
9.bxc3 b6 10.Bd3 Ba6 11.O-O h6 12.Bh4 Bxd3 13.Qxd3 Ba3 14.c4 O-O 15.Rab1 Rfe8
16.c5 e5 17.Nd2 exd4 18.exd4 Qa4 19.Qc4 Qxc4 20.Nxc4 Re4 21.Nxa3 Rxh4 22.f4 Rh5
23.Nc4 Rd5 24.cxb6 axb6 25.Nxb6 Nxb6 26.Rxb6 Rxa2 27.Rxc6 Rxd4 28.Rc3  1/2-1/2

[Event "Novi Sad ol (Men)"]
[Site "Novi Sad"]
[Date "1990.??.??"]
[Round "12"]
[White "Hellers, Ferdinand"]
[Black "Speelman, Jonathan S"]
[Result "1/2-1/2"]
[WhiteElo "2520"]
[BlackElo "2605"]

1.e4 e6 2.d4 d5 3.Nc3 Nf6 4.Bg5 dxe4 5.Nxe4 Nbd7 6.Nxf6+ Nxf6 7.Nf3 h6 8.Bd2 c5
9.Bb5+ Bd7 10.Qe2 cxd4 11.Nxd4 Bc5 12.Bxd7+ Qxd7 13.Nb3 Be7 14.O-O-O Qa4
15.Kb1 Rc8 16.Bc1 Rc4 17.Qf3 Nd5 18.Rhe1 Nb4 19.a3 Nxc2 20.Re5 Nd4 21.Rxd4 Rxd4
22.Ra5 Qc4 23.Nxd4 Qxd4 24.Qxb7 O-O 25.Qxe7 Rc8 26.Be3 Qd3+ 27.Ka1 Qf1+ 28.Ka2 Qc4+  1/2-1/2

[Event "ENG-ch m"]
[Site "ENG"]
[Date "1991.??.??"]
[Round "1"]
[White "Speelman, Jonathan S"]
[Black "Kosten, Anthony C"]
[Result "1/2-1/2"]
[WhiteElo "2630"]
[BlackElo "2535"]

1.d4 Nf6 2.c4 e6 3.Nc3 Bb4 4.e3 O-O 5.Bd3 d5 6.Nf3 c5 7.O-O dxc4 8.Bxc4 Nbd7
9.Ne2 Nb6 10.Bd3 cxd4 11.e4 Re8 12.e5 Nfd7 13.Nexd4 Nf8 14.Be4 Nd5 15.Qb3 Bc5
16.Rd1 h6 17.h3 b6 18.Be3 Qe7 19.Rac1 Nxe3 20.fxe3 Ba6 21.Bxa8 Rxa8 22.Nc6 Qc7
23.Nfd4 Bb7 24.Qc3 a5 25.Nxa5 Rxa5 26.b4 Rxa2 27.Rc2 Rxc2 28.Qxc2 Qxe5 29.bxc5 bxc5
30.Nb5 Qxe3+ 31.Qf2 Qb3 32.Rf1 f6 33.Nd6 c4 34.Qa7 Bd5 35.Qf7+ Kh7 36.Ne8 Qe3+
37.Rf2 Qe1+ 38.Rf1 Qe3+ 39.Rf2 Qe1+ 40.Rf1 Qe3+  1/2-1/2

[Event "ENG-ch m"]
[Site "ENG"]
[Date "1991.??.??"]
[Round "2"]
[White "Kosten, Anthony C"]
[Black "Speelman, Jonathan S"]
[Result "1/2-1/2"]
[WhiteElo "2535"]
[BlackElo "2630"]

1.e4 e6 2.d4 d5 3.Nd2 c5 4.exd5 Qxd5 5.Ngf3 cxd4 6.Bc4 Qd6 7.O-O Nf6 8.Nb3 Nc6
9.Nbxd4 Nxd4 10.Nxd4 a6 11.Re1 Bd7 12.c3 Qc7 13.Bb3 Bd6 14.h3 h6 15.Qf3 O-O-O
16.Be3 Kb8 17.a4 e5 18.Nc2 Bc6 19.Qe2 Nd5 20.Rad1 Be7 21.Bc1 f6 22.Nd4 exd4
23.Bxd5 Rxd5 24.Qxe7 dxc3 25.Rxd5 Bxd5 26.bxc3 Qxe7 27.Rxe7 g5 28.Be3 f5
29.a5 f4 30.Bd4 Rg8 31.Rh7 g4 32.hxg4 Rxg4 33.Rg7 Rxg7 34.Bxg7 f3  1/2-1/2

[Event "ENG-ch m"]
[Site "ENG"]
[Date "1991.??.??"]
[Round "3"]
[White "Kosten, Anthony C"]
[Black "Speelman, Jonathan S"]
[Result "1/2-1/2"]
[WhiteElo "2535"]
[BlackElo "2630"]

1.e4 d6 2.d4 Nf6 3.Nc3 g6 4.Nf3 Bg7 5.Be2 O-O 6.a4 c6 7.O-O Qc7 8.Be3 Nbd7
9.Nd2 e5 10.dxe5 Nxe5 11.h3 Re8 12.f4 Ned7 13.Bf3 Nd5 14.exd5 Rxe3 15.Nc4 Re7
16.dxc6 bxc6 17.Qxd6 Nb6 18.Qxc7 Rxc7 19.Nxb6 axb6 20.Nb5 cxb5 21.Bxa8 Bxb2
22.axb5 Bxa1 23.Rxa1 Bd7 24.Ra6 Bxb5 25.Rxb6 Ba4 26.Ra6  1/2-1/2

[Event "Hastings9192"]
[Site "Hastings"]
[Date "1991.??.??"]
[Round "6"]
[White "Speelman, Jonathan S"]
[Black "Suetin, Alexey S"]
[Result "1/2-1/2"]
[WhiteElo "2630"]
[BlackElo "2405"]

1.d4 d5 2.c4 dxc4 3.Nf3 a6 4.e3 Nf6 5.Bxc4 e6 6.O-O c5 7.Re1 b5 8.Bf1 cxd4
9.exd4 Bb7 10.a4 bxa4 11.Ne5 Nc6 12.Rxa4 Nxe5 13.dxe5 Qxd1 14.Rxd1 Nd7 15.Bf4 Nb6
16.Ra1 Nd5 17.Bd2 Be7 18.Nc3 Nb4 19.Nb5 Nd5 20.Nc3 Nb4 21.Nb5 Nd5 22.Rdc1 Kd7
23.Nc3 Rhb8 24.g3 Bc6 25.Nxd5 Bxd5 26.Bc3 a5 27.Rxa5 Rxa5 28.Bxa5 Rxb2 29.Rc7+ Ke8
30.Rc8+ Kd7 31.Rc7+  1/2-1/2

[Event "Hastings9192"]
[Site "Hastings"]
[Date "1991.??.??"]
[Round "12"]
[White "Shirov, Alexei"]
[Black "Speelman, Jonathan S"]
[Result "1/2-1/2"]
[WhiteElo "2610"]
[BlackElo "2630"]

1.d4 Nf6 2.c4 e6 3.Nc3 Bb4 4.f3 Nc6 5.e4 b6 6.Bg5 h6 7.Bh4 e5 8.Ne2 Qe7 9.d5 g5
10.Bf2 Nb8 11.a3 Bc5 12.Bxc5 bxc5 13.d6 Qxd6 14.Qxd6 cxd6 15.Nb5 Kd8 16.Nxd6 Rh7
17.b4 Na6 18.b5 Nc7 19.h4 g4 20.f4 Nce8 21.Nxe8 Kxe8 22.fxe5 Nxe4 23.g3 Bb7
24.Bg2 Rb8 25.Rd1 f5 26.exf6 Rf7 27.O-O Rxf6 28.Rfe1 Kd8 29.Nf4 Nd6 30.Nh5 Rg6
31.Nf4 Rf6 32.Bxb7 Rxb7 33.Rd5 Nxc4 34.Ne6+ Rxe6 35.Rxe6 Rxb5 36.Rxh6 Rb3
37.Rh8+ Kc7 38.Rh7 Kc6 39.Rdxd7 Rxg3+ 40.Kf2 Rf3+ 41.Ke2 Re3+ 42.Kf2  1/2-1/2

[Event "Hastings9192"]
[Site "Hastings"]
[Date "1991.??.??"]
[Round "13"]
[White "Suetin, Alexey S"]
[Black "Speelman, Jonathan S"]
[Result "1/2-1/2"]
[WhiteElo "2405"]
[BlackElo "2630"]

1.e4 e6 2.d4 d5 3.Nc3 Nf6 4.Bg5 dxe4 5.Nxe4 Nbd7 6.Nxf6+ Nxf6 7.Nf3 h6 8.Bxf6 Qxf6
9.Bb5+ c6 10.Bd3 g6 11.Qe2 Bg7 12.O-O-O Bd7 13.c3 O-O-O 14.h4 Kb8 15.Kb1 Bc8
16.Qe5+ Qxe5 17.Nxe5 Rhf8  1/2-1/2

[Event "Linares"]
[Site "Linares"]
[Date "1991.??.??"]
[Round "1"]
[White "Jussupow, Artur"]
[Black "Speelman, Jonathan S"]
[Result "1-0"]
[WhiteElo "2605"]
[BlackElo "2610"]

1.d4 d6 2.g3 g6 3.Bg2 Bg7 4.Nf3 Nf6 5.O-O O-O 6.c4 c6 7.Nc3 Bf5 8.Ne1 Qd7
9.e4 Bh3 10.f3 Bxg2 11.Kxg2 Na6 12.Be3 Rfc8 13.Nd3 Ne8 14.Qe2 c5 15.d5 Nec7
16.Nf2 Rcb8 17.a4 Nb4 18.Ng4 Rf8 19.Bh6 Bxh6 20.Nxh6+ Kg7 21.Qd2 e6 22.dxe6 Qxe6
23.Ng4 f6 24.h4 Rad8 25.h5 f5 26.exf5 Qxf5 27.hxg6 Qxg6 28.Ne4 Ne6 29.Rh1 Rxf3
30.Qh6+ Qxh6 31.Rxh6 Nd4 32.Rah1 Rh8 33.Rxd6 Nd3 34.Rxd4 cxd4 35.Kxf3 Nxb2
36.Rb1 Rf8+ 37.Ke2 Nxc4 38.Rxb7+ Kg6 39.Kd3 Ne3 40.Nxe3  1-0

[Event "Linares"]
[Site "Linares"]
[Date "1991.??.??"]
[Round "9"]
[White "Speelman, Jonathan S"]
[Black "Karpov, Anatoly"]
[Result "1-0"]
[WhiteElo "2610"]
[BlackElo "2725"]

1.d4 Nf6 2.c4 e6 3.Nc3 Bb4 4.e3 O-O 5.Bd3 d5 6.a3 Bxc3+ 7.bxc3 dxc4 8.Bxc4 c5
9.Ne2 Nc6 10.O-O e5 11.Rb1 Qc7 12.Ba2 Rd8 13.Qc2 b6 14.Ng3 exd4 15.cxd4 cxd4
16.exd4 Be6 17.Bxe6 fxe6 18.Bg5 Rac8 19.Bxf6 gxf6 20.Rbc1 Rxd4 21.Rfe1 Qf7
22.Qc3 Rdd8 23.Ne4 e5 24.Qg3+ Kh8 25.Qh4 Nd4 26.Rxc8 Rxc8 27.Nxf6 Qg6 28.Ng4 Ne2+
29.Kh1 Nf4 30.h3 Re8 31.Rd1 Qg7 32.Rd8 Rg8 33.Rxg8+ Qxg8 34.Qf6+ Qg7 35.Qd8+ Qg8
36.Qe7 Ng6 37.Qxa7 Qe6 38.Qb8+ Kg7 39.Qc7+ Kh8 40.Nh6 Qf6 41.Qc8+ Kg7 42.Nf5+ Kf7
43.Qd7+ Kf8 44.g3 h5 45.h4 Kg8 46.Kg2 Nf8 47.Qd5+ Kh7 48.Qb7+ Kg8 49.Ne7+ Kh8
50.Nd5 Qd6 51.Qf7 Ng6 52.Nf6  1-0